000 00277nam a22001337a 4500
008 170804b xxu||||| |||| 00| 0 eng d
020 _a0201083191
041 _aeng
080 _23RD
_a004
100 _a33
101 _aSHK
245 _aLISP
_cWINSTON,P.H
942 _2udc
_cBK
999 _c22708
_d22708